|
|
|
|
| LEADER |
00000cam a2200000 7i4500 |
| 001 |
0000002412 |
| 002 |
000002628 |
| 005 |
20000330.0 |
| 020 |
|
|
|a 0864434855
|
| 090 |
0 |
0 |
|a 332.30959509049
|b GOM
|
| 100 |
1 |
|
|a Gomez, Edmund Terence
|
| 245 |
1 |
0 |
|a Political business :
|b corporate involvement of Malaysian political parties
|c Edmund Terence Gomez
|
| 260 |
|
|
|a Australia :
|b James Cook University of North Queensland ,
|c 1994
|
| 300 |
|
|
|a 329 p. ;
|c 22 cm.
|
| 650 |
0 |
0 |
|a Business and politics
|z Malaysia
|
| 650 |
0 |
0 |
|a Political parties
|z Malaysia
|
| 651 |
|
0 |
|a Malaysia
|x Politics and government
|
| 999 |
|
|
|a 034017
|b BUKU
|c PINJAMAN
|e PERPUSTAKAAN KOMUNITI PETALING JAYA
|